Normal view
MARC view
Entry Personal Name
001 - CONTROL NUMBER
- control field: 3563
003 - CONTROL NUMBER IDENTIFIER
- control field: ARRUPE
005 - DATE AND TIME OF LATEST TRANSACTION
- control field: 20131119165059.0
008 - FIXED-LENGTH DATA ELEMENTS
- fixed length control field: 131119|| aca||aabn | a|a d
040 ## - CATALOGING SOURCE
- Original cataloging agency: ARRUPE
- Transcribing agency: ARRUPE
100 ## - HEADING--PERSONAL NAME
- Personal name: Glover, Michael
670 ## - SOURCE DATA FOUND
- Source citation: Work cat.: (ARRUPE): Glover, Michael, Rorke's drift, 1975